Testo di Life is a Highway - Cars - Statistics

Statistiche generali
  • Questo quiz è stato fatto 57 volte
  • Il punteggio medio è 50 su 100
Statistiche sulle risposte
Testo % Corretto
a
100%
Life
100%
I
98%
highway
94%
is
90%
all
86%
long
84%
it
82%
night
82%
you
80%
ride
76%
When
76%
my
65%
the
63%
and
61%
wanna
61%
to
59%
To
59%
way
55%
If
53%
on
53%
road
53%
your
51%
day
47%
goin'
47%
are
45%
drive
45%
travel
45%
gone
43%
like
43%
next
43%
that
43%
Sometimes
41%
sometimes
41%
here
39%
one
39%
We
39%
won't
39%
there's
37%
There's
37%
world
37%
back
35%
Life's
35%
me
35%
Where
35%
not
33%
time
33%
turn
33%
wind
33%
Come
31%
hesitate
31%
left
31%
stand
31%
bend,
29%
down
29%
outside
29%
today,
29%
you're
29%
door
27%
every
27%
garden
27%
gate
27%
much
27%
anymore
24%
blues
24%
haunt
24%
break
22%
darkened
22%
with
22%
brave
20%
distant
20%
free
20%
shore
20%
soar
20%
Well,
20%
lovers
18%
wonna
10%
Nessun quiz corrispondente trovato
Distribuzione punteggi
Percentuale di utenti per punteggio
Percentile per numero di risposta
I tuoi punteggi nel tempo
Non hai fatto questo quiz